[Event "NOR-ch Class4"]
[Site "Larvik"]
[Date "2019.07.11"]
[Round "7"]
[White "Nordlov, Jorgen"]
[Black "Edoy, Rune"]
[Result "1-0"]
[WhiteElo "1263"]
[BlackElo "1319"]
[PlyCount "163"]
[EventDate "2019.07.05"]
[EventType "swiss"]
[EventRounds "9"]
[EventCountry "NOR"]
[SourceTitle "EXT 2024"]
[Source "ChessBase"]
[SourceDate "2023.10.10"]
[SourceVersion "1"]
[SourceVersionDate "2023.10.10"]
[SourceQuality "1"]

1. d4 d5 2. c4 dxc4 3. e3 Nf6 4. Bxc4 e6 5. Nf3 Be7 6. Nc3 0-0 7. e4 Bb4 8. Bg5 h6 9. e5 hxg5 10. exf6 Qxf6 11. 0-0 Bxc3 12. bxc3 b6 13. Qd2 Qf4 14. Qxf4 gxf4 15. Rae1 Bb7 16. Re5 Nd7 17. Rh5 Bxf3 18. gxf3 Nf6 19. Rh4 g5 20. Rh3 Kg7 21. Bd3 Rh8 22. Rxh8 Rxh8 23. Kg2 Rd8 24. Rg1 c5 25. Kf1 Kh6 26. h4 gxh4 27. Ke2 cxd4 28. c4 Rg8 29. Rh1 Kh5 30. Ke1 Rg5 31. Bc2 Rc5 32. Bb3 Rg5 33. Rh2 Nd7 34. Kd2 Ne5 35. Bd1 Rg1 36. Ke2 d3+ 37. Kd2 Kg5 38. a4 a5 39. Rh3 Rg2 40. Ke1 Nxc4 41. Kf1 Ne3+ 42. fxe3 Rd2 43. exf4+ Kxf4 44. Rxh4+ Kg5 45. Rg4+ Kf5 46. Bb3 Rb2 47. Bd1 e5 48. Rc4 f6 49. Rc3 e4 50. fxe4+ Kxe4 51. Rc6 Rh2 52. Kg1 Rd2 53. Bh5 Rc2 54. Rxf6 Rc1+ 55. Kf2 d2 56. Rd6 Ra1 57. Bf3+ Ke5 58. Rd5+ Ke6 59. Rd4 Ke5 60. Ke3 Re1+ 61. Kxd2 Kxd4 62. Kxe1 Kc3 63. Be2 Kb4 64. Bb5 Kc3 65. Kf2 Kd4 66. Kf3 Ke5 67. Be2 Kd5 68. Kf4 Kc5 69. Bb5 Kd5 70. Kf5 Kd6 71. Kf6 Kc7 72. Ke7 Kc8 73. Kd6 Kb7 74. Kd7 Ka7 75. Kc6 Kb8 76. Kxb6 Ka8 77. Bc6+ Kb8 78. Kxa5 Ka7 79. Kb5 Kb8 80. Kb6 Kc8 81. a5 Kb8 82. a6 1-0

[Event "Sandefjord Caissa Spring A"]
[Site "Sandefjord"]
[Date "2019.05.08"]
[Round "8"]
[White "Nordlov, Jorgen"]
[Black "Ervik, Kent Ronny"]
[Result "0-1"]
[WhiteElo "1222"]
[BlackElo "1587"]
[PlyCount "68"]
[EventDate "2019.01.21"]
[EventType "tourn"]
[EventRounds "9"]
[EventCountry "NOR"]
[SourceTitle "EXT 2024"]
[Source "ChessBase"]
[SourceDate "2023.10.10"]
[SourceVersion "1"]
[SourceVersionDate "2023.10.10"]
[SourceQuality "1"]

1. d4 Nf6 2. c4 d5 3. Nf3 Bg4 4. e3 e6 5. Be2 dxc4 6. Bxc4 Nbd7 7. Nc3 Be7 8. h3 Bh5 9. 0-0 0-0 10. Bd3 c5 11. Be2 Bg6 12. Nh4 cxd4 13. exd4 Be4 14. Nxe4 Nxe4 15. Nf3 Ndf6 16. Qc2 Rc8 17. Qd3 Nd6 18. b3 Nd5 19. Bd2 Bf6 20. Be1 g6 21. Ne5 Ne7 22. f4 Ndf5 23. Bc3 Bxe5 24. fxe5 Nc6 25. Rf4 Nxe5 26. Qb5 Rxc3 27. Qxe5 Qb6 28. Kh2 Rd3 29. Bf3 Rd8 30. Rc1 Nxd4 31. Rc7 Nxf3+ 32. Rxf3 Rxf3 33. Re7 Rf5 34. Qc3 Qd6+ 0-1

[Event "Sandefjord Caissa Spring A"]
[Site "Sandefjord"]
[Date "2019.03.18"]
[Round "6"]
[White "Farmen, Pal"]
[Black "Nordlov, Jorgen"]
[Result "1-0"]
[WhiteElo "1919"]
[BlackElo "1222"]
[PlyCount "51"]
[EventDate "2019.01.21"]
[EventType "tourn"]
[EventRounds "9"]
[EventCountry "NOR"]
[SourceTitle "EXT 2024"]
[Source "ChessBase"]
[SourceDate "2023.10.10"]
[SourceVersion "1"]
[SourceVersionDate "2023.10.10"]
[SourceQuality "1"]

1. e4 e5 2. f4 Nc6 3. Bc4 Nf6 4. Nf3 Bc5 5. fxe5 Nxe4 6. d4 Bb4+ 7. c3 Na5 8. Bd3 d5 9. cxb4 Nc4 10. Bxc4 dxc4 11. Qe2 Bf5 12. Qxc4 0-0 13. 0-0 a5 14. Nc3 c6 15. b5 Qc8 16. bxc6 Rd8 17. d5 bxc6 18. Nxe4 cxd5 19. Qxc8 Rdxc8 20. Nd6 Bd3 21. Nxc8 Rxc8 22. Rd1 Be4 23. Bd2 Rc6 24. Rac1 Rxc1 25. Rxc1 g6 26. Bh6 1-0

[Event "Sandefjord Caissa Spring A"]
[Site "Sandefjord"]
[Date "2019.03.11"]
[Round "5"]
[White "Nordlov, Jorgen"]
[Black "Hansen, Rune Vik"]
[Result "0-1"]
[WhiteElo "1222"]
[BlackElo "1956"]
[PlyCount "62"]
[EventDate "2019.01.21"]
[EventType "tourn"]
[EventRounds "9"]
[EventCountry "NOR"]
[SourceTitle "EXT 2024"]
[Source "ChessBase"]
[SourceDate "2023.10.10"]
[SourceVersion "1"]
[SourceVersionDate "2023.10.10"]
[SourceQuality "1"]

1. Nf3 c5 2. c4 Nc6 3. Nc3 g6 4. d4 cxd4 5. Nxd4 Bg7 6. e3 Nf6 7. g3 0-0 8. Bg2 a6 9. 0-0 Rb8 10. b3 Qa5 11. Bb2 e6 12. Nxc6 bxc6 13. Ne2 d5 14. Bc3 Qc7 15. c5 e5 16. f3 Qe7 17. b4 Rd8 18. Qa4 d4 19. exd4 exd4 20. Nxd4 Qe3+ 21. Kh1 Qxc3 22. Nxc6 Bd7 23. Qxa6 Bxc6 24. Qxc6 Qxb4 25. a3 Qb2 26. a4 Rd2 27. Rg1 Rxg2 28. Rxg2 Qxa1+ 29. Rg1 Qc3 30. Qc7 Qxf3+ 31. Rg2 Rb1# 0-1